000 00622nam a2200253Ia 4500
005 20260121161055.0
008 008 260114s9999 xx 000 0 eng d
020 _a9781315500331
037 _aEBOOK
040 _aCRL
040 _beng
040 _cCRL
041 _2eng
041 _aeng
084 _qCRL
100 _a Hiroshi Kimura
_91039877
245 0 _aJapanese-Russian Relations Under Gorbachev and Yeltsin
260 _bTaylor and Francis
260 _c2000
856 _uhttp://www.taylorfrancis.com/books/9781315500331
942 _cEBOOK
999 _c1606693
_d1606693